000 00530nam a22001937a 4500
003 NUST - PNEC
005 20170116180826.0
008 150710b xxu||||| |||| 00| 0 eng d
020 _a0071160434
040 _cLIBRARY
082 _a515.723 BRA
100 _94369
_aBracewell, Ronald N.
245 _aThe Fourier transform and its applications
_cRonald N. Bracewell
250 _a3rd ed
260 _aNew York
_bMcGraw Hill
_cc2000.
300 _a616 p. :
650 _94370
_aFourier transformations
_xAS
942 _2ddc
_cBK
999 _c63883
_d63883